000 00510cam a2200193ua 4500
001 3811
005 20260515113732.0
008 111222n ii |||gr||||Z||||||asm
040 _cMAIN
082 _a891.1
100 _aPandit, Gunendra Nath,
245 1 1 _aSaiva darshan aru sahityar patabhumi
_cby Gunendra Nath Pandit
250 _a2nd.
260 _aBarnibari:
_bRotikanta Prakashan,984.
300 _a340p:
_c23cm.
653 _aAssamese
653 _aSaiva darshan aru sahityar patabhumi
942 _cBK
999 _c3633
_d3633